Praktikum z hospodárskeho mechanizmu priemyslu

Guardado en:
Detalles Bibliográficos
Autor principal: Majtán, Štefan
Autor Corporativo: Vysoká škola ekonomická v Bratislave. Fakulta ekonomiky a riadenia výrobných odvetví
Otros Autores: Kuruczová, Mária, Maroš, Viliam
Formato: Libro
Lenguaje:eslovaco
Publicado: Bratislava Vysoká škola ekonomická 1986
Edición:1. vyd.
Etiquetas: Agregar Etiqueta
Sin Etiquetas, Sea el primero en etiquetar este registro!

MARC

LEADER 00000nam a2200000 4500
001 c024339
005 20230116121349.2
041 0 |a slo 
044 |a SK 
245 1 0 |a Praktikum z hospodárskeho mechanizmu priemyslu  |c Štefan Majtán, Mária Kuruczová, Viliam Maroš 
250 |a 1. vyd. 
264 1 |a Bratislava  |b Vysoká škola ekonomická  |c 1986 
300 |a 117 s. 
100 1 |a Majtán, Štefan 
700 1 |a Kuruczová, Mária 
700 1 |a Maroš, Viliam 
710 2 |a Vysoká škola ekonomická v Bratislave. Fakulta ekonomiky a riadenia výrobných odvetví